000 00988nas a2200241 454500
001 2863
005 20260407193504.0
008 260407s1985####ag###########|||spa#d
003 AR-UNSa-BCEJYS
040 _aAR-UNSa-BCEJYS
_bspa
_cAR-UNSa-BCEJYS
080 _a336
_xFinanzas. Finanzas públicas. Banca. Moneda. Bolsa
245 1 0 _aEjecutivos de finanzas
264 1 _aBuenos Aires :
_bIAEF (Instituto Argentino de Ejecutivos de Finanzas)
_c1985
310 _aFrecuencia: Mensual Cambia de Director a partir del Nº 36 por Reginaldo A. Gibbons Cambia de Director a partir del Nº 53 por José L. Muñiz Cambia de Director a partir del Nº 59 por Jorge A. del Aguila
041 _aspa
942 _cSER
590 _aniveau_biblio:s niveau_hierar:1
100 1 _aMusante, Carlos A.
650 _aFinanzas
650 _a6.25 Economía
650 _aIMPUESTOS
856 4 1 _uhttps://biblioeco.unsa.edu.ar/pmb/images/revistas/Ejecutivo de Finanzas.jpg
_yImagen de portada
_qimage/jpeg
999 _c8400
_d8400